000 00402nam a2200169Ia 4500
008 230524s9999 xx 000 0 und d
020 _a9788190804073
082 _a621.382
_bALI
100 _aS.N.Ali
245 0 _aBasic Electronics
250 _a1
260 _aNew Delhi
_bVayu Education
_c2011
300 _a"XXI,474p;"
500 _aQuantity Number: 2
650 _aElectronics
942 _cBK
999 _c56480
_d56480